The dispensary : A poem. In six canto's. To the reader. ...

Bibliographic Details
Main Author: Garth, Samuel, Sir, 1661-1719
Format: eBook
Language:English
Series:Eighteenth century collections online.
Online Access:Full text online

MARC

Tag First Indicator Second Indicator Subfields
LEADER 00000cam a2200000 4500
001 in00001887876
006 m | d |
007 cr |n||||||||n
008 790524s1709 enk|||| s 00||||eng d
005 20260407220909.6
035 |a (CStRLIN)ESTCT34567 
040 |a Uk-ES  |c Uk-ES  |d CStRLIN  |d Thomson Gale  |d UtOrBLW 
100 1 |a Garth, Samuel,  |c Sir,  |d 1661-1719. 
245 1 4 |a The dispensary :  |b A poem. In six canto's. To the reader. ... 
264 3 |a London :  |b printed by J. Bradford; and sold by the booksellers of London and Westminster,  |c 1709. 
300 |a 4 unnumbered pages, 52p :  |b illustrations ;  |c 8⁰. 
336 |a text  |b txt  |2 rdacontent 
337 |a computer  |b c  |2 rdamedia 
338 |a online resource  |b cr  |2 rdacarrier 
500 |a Half-title: 'Dr. Garth's Dispensary'. 
500 |a Reproduction of original from the British Library. 
510 4 |a Foxon,  |c G24 
510 4 |a English Short Title Catalog,  |c ESTCT34567. 
533 |a Electronic reproduction.  |b Farmington Hills, Mich. :  |c Thomson Gale,  |d 2003.  |n Available via the World Wide Web.  |n Access limited by licensing agreements  |7 s2003 miunns 
500 |a Electronic resource. 
830 0 |a Eighteenth century collections online. 
856 4 0 |u http://proxy.library.tamu.edu/login?url=https://galenet.galegroup.com/servlet/ECCO?c=1&stp=Author&ste=11&af=BN&ae=T034567&tiPG=1&dd=0&dc=flc&docNum=CW107096699&vrsn=1.0&srchtp=a&d4=0.33&n=10&SU=0LRM&locID=txshracd2898  |z Full text online  |t 0 
999 |a MARS 
999 f f |s b08a070d-c2a6-3916-89c0-bf983421ffa1  |i 618e0c7c-0279-3ac9-9d84-0b618c49c558  |t 0 
952 f f |a Texas A&M University  |b College Station  |c Electronic Resources  |s www_evans  |d Available Online  |t 0  |h No information provided 
998 f f |t 0  |l Available Online